000 00725cab a2200217 4500
001 ABS45026
008 090401t1991 xxu||||| |||| 00| 0 eng d
035 _a(Sirsi) u50476
041 _aeng
100 _aJones, A
245 _aNew importance for development plans
260 _c1991
350 _a0
490 _aPlanning (for the Natural and Built Environment)
_v(932) 23 August 1991, 14-15
520 _aTraces the reemerging status of the development plan, after an emphasis on deregulation of planning in the 1980s. Discusses problems with structure and local plans.
650 _aDEVELOPMENT PLANS
650 _aSTRUCTURE PLANS
690 _aPLANNING LAW AND PRACTICE
942 _n0
948 _c04/03/1997
999 _c31500
_d31500